000 00653nam a22001817a 4500
005 20251108175923.0
008 250721s2023 xx 000 0 ara d
082 1 4 _a790.45/ربي
100 1 _aالربيعي، هدى هاشم محمد
245 1 0 _aتحليل مضمون القيم السائدة في برامج الأطفال المقدمة من تلفزيون الجمهورية العراقية /
264 1 _aبابل :
_bمؤسسة دار الصادق الثقافية،
_c2023.
300 _a109ص.
650 1 7 _aالتلفاز
650 1 7 _aبرامج الاطفال
650 1 7 _aالعراق
942 _2ddc
_cBK
999 _c145543
_d145543